| 000 | 00975cam a2200253 p 4500 | ||
|---|---|---|---|
| 001 | 2742806 | ||
| 005 | 19890110000000.0 | ||
| 008 | 780822s1978 ne b 000 0 eng | ||
| 010 | _a78311467 | ||
| 015 | _aNe78-8 | ||
| 020 |
_a9026809794 _cfl 45.00 |
||
| 040 |
_aDLC _cDLC _dDLC |
||
| 050 | 0 | 0 |
_aK4118 _b.H33 1978 |
| 082 | 0 | 0 |
_a341.75678 _219 _bHAA |
| 100 | 1 |
_aHaanappel, Peter P. C., _d1949- _97611 |
|
| 245 | 1 | 0 |
_aRatemaking in International Air Transport : _bA Legal Analysis of International Air Fares and Rates / _cPeter P. C. Haanappel. |
| 260 |
_aDeventer : _bKluwer, _cc1978. |
||
| 300 |
_axii, 172 p. ; _c25 cm. |
||
| 500 | _aBased on the author's thesis, McGill University, Montreal. | ||
| 504 | _aIncludes bibliographical references (p. 163-172). | ||
| 650 | 0 |
_aAirlines _xRates. _97612 |
|
| 942 |
_2ddc _cBB |
||
| 999 |
_c12210 _d12210 |
||